Statistiques concernant États transcontinentaux #3 (Amérique du Nord et du Sud)

Cliquez ici pour prendre le quiz!

Statistiques générales

  • Ce quiz a été pris 71 fois
  • Le résultat moyen est 4 sur 6

Statistiques - réponses

Superficie (en km2)Pays% Correct
672 051France
78%
75 420Panama
75%
246 690Royaume-Uni
63%
1 141 748Colombie
62%
41 530Pays-Bas
55%
916 445Venezuela
55%

Distribution des résultats

Percentile par nombre de réponses

% des personnes avec chaque résultat

Votre développement - résultats

Vous n’avez pas pris ce quiz